000 00547nam a2200205Ia 4500
003 BUBTL
008 151213s9999 xx 000 0 und d
020 _a81-219-0813-2
082 _a658
_bSHB
100 _aM.C. Shukla
245 _aBusiness organization & management
_cM.C. Shukla
260 _aNew Delhi
_bS. Chand
_c1999
300 _a878p . :
_bill , 22cm .
_cBusiness
650 0 _aBusiness
_961
650 0 _aBusiness
_961
700 _aM.C. Shukla
856 _k0
_l0
_yDownload
942 _2ddc
_cBK
999 _c1005
_d1005